000 00359pab a2200145 454500
008 180718b2015 xxu||||| |||| 00| 0 eng d
100 _aPeters, Pauline E.
245 _aAnalysing land law reform (Review essay)
260 _c2015
300 _ap.167-193.
362 _aJan
650 _aLand reform
773 _aDevelopment and Change
909 _a108396
999 _c108391
_d108391